000 00784 a2200205 4500
999 _c7949
_d7949
020 _a9781446256237 (hardback)
020 _a9781446256244 (pbk.)
050 0 0 _aJZ1242DAD2013
100 1 _aDaddow, Oliver J.,
_d1974-
_eauthor.
245 1 0 _aInternational relations theory :
_bthe essentials /
_cOliver Daddow.
250 _a2nd edition.
264 1 _aLos Angeles :
_bSage,
_c2013.
300 _avi, 348 pages :
_billustrations ;
500 _aincludes index
504 _aIncludes bibliographical references (pages 322-338) and index.
650 0 _aInternational relations.
650 0 _aInternational relations
_xExaminations
942 _2lcc
_cBK
_h1242
_iDAD
_kJZ